Gaceta del gobierno de Lima independiente

Saved in:
Bibliographic Details
Corporate Author: Universidad Nacional de la Plata (Author)
Format: Book
Language:Spanish
Published: Buenos Aires Ministerio de Educación 1950
Subjects:
Tags: Add Tag
No Tags, Be the first to tag this record!

MARC

LEADER 00000nam a2200000 a 4500
001 UCO3248
003 CL-VaPUC
008 000714e19500000AG |||||||||||||||||spa|d
082 0 4 |a 985.04  |b UNI  |2 21 
110 2 |a Universidad Nacional de la Plata  |e author  |9 447256 
245 1 0 |a Gaceta del gobierno de Lima independiente 
300 |a 9 v 
942 |c BK 
945 |d 20000714 00:00:00  |a rherrera 
260 |a Buenos Aires  |b Ministerio de Educación  |c 1950 
500 |a Tomos I a III julio 1821-diciembre 1822 
600 0 7 |a SAN MARTIN, JOSE DE  |2 CL-VaPUC  |9 447257 
650 0 |a Historia de Perú  |9 316239 
650 7 |a INDEPENDENCIA DE PERU  |2 CL-VaPUC  |9 447186 
650 7 |a LIBERTADORES  |2 CL-VaPUC  |9 317968 
650 7 |a HOMENAJE  |2 CL-VaPUC  |9 333787 
651 0 |a Perú  |9 256567 
583 |a last modification  |c 20000714 00:00:00  |k Rodrigo Vera 
999 |c 289716  |d 289714 
952 |0 0  |1 0  |4 0  |6 985_040000000000000_UNI_1950  |7 0  |8 X  |9 338325  |a BIBHIS  |b BIBHIS  |d 2019-11-20  |h v.1-3  |i 1297074  |o 985.04 UNI 1950  |p 1297074  |r 2024-01-30  |w 2019-11-20  |y BK_X  |k HIS